| 000 | 00543nam a22001697a 4500 | ||
|---|---|---|---|
| 003 | OSt | ||
| 005 | 20131213174201.0 | ||
| 008 | 130522s1990 ||||| |||| 00| 0 spa d | ||
| 040 | _cCDMR | ||
| 245 | 0 | 0 |
_aPeligro _b: periodistas trabajando _c[ilustraciones, Brick ; editado por Bernie Corbett] |
| 260 |
_a[s.l] _bFederación Internacional de Periodistas _ccop. 1990 |
||
| 300 | _a33 p. | ||
| 650 | 0 | 4 |
_92560 _aCorresponsals de guerra |
| 650 | 0 | 4 |
_93195 _aDrets humans |
| 650 | 0 | 4 |
_9216 _aAssociacions de professionals i tècnics |
| 942 |
_2udc _cFULLET |
||
| 999 |
_c6295 _d6295 |
||